Psiquiatría del niño y del adolescente
Saved in:
| Main Authors: | , |
|---|---|
| Format: | Bog |
| Sprog: | spansk |
| Udgivet: |
Santiago
Mediterráneo
2000
|
| Udgivelse: | 2a. ed |
| Fag: | |
| Tags: |
Tilføj Tag
Ingen Tags, Vær først til at tagge denne postø!
|
MARC
| LEADER | 00000cam a2200000 a 4500 | ||
|---|---|---|---|
| 001 | UCH3563 | ||
| 003 | CL-VaPUC | ||
| 008 | 090811e20000000CL |||||||||||||||||spa|d | ||
| 020 | |a 9562201783 | ||
| 082 | 0 | 4 | |a 616.89 |b MON |2 21 |
| 100 | |a Montenegro Arriagada, Hernán |e autor |9 582228 | ||
| 700 | 0 | |a Guajardo S., Humberto |e author |9 538913 | |
| 245 | 1 | 0 | |a Psiquiatría del niño y del adolescente |
| 250 | |a 2a. ed | ||
| 300 | |a 505 p | ||
| 942 | |c BK | ||
| 945 | |d 20090811 00:00:00 |a cmena | ||
| 260 | |a Santiago |b Mediterráneo |c 2000 | ||
| 650 | 7 | |a PSIQUIATRIA INFANTIL |2 CL-VaPUC |9 311183 | |
| 650 | 7 | |a DESARROLLO PSICOLOGICO |2 CL-VaPUC |9 369936 | |
| 650 | 0 | |a Adolescencia |9 307361 | |
| 650 | 0 | |a Salud mental |9 308393 | |
| 650 | 0 | |a Trastornos del comportamiento |9 311363 | |
| 650 | 0 | |a Trastornos de la personalidad |9 307698 | |
| 650 | 7 | |a TRASTORNOS PSIQUIATRICOS |2 CL-VaPUC |9 538914 | |
| 650 | 0 | |a Psicopatología |9 307473 | |
| 650 | 0 | |a Psicoanálisis |9 265702 | |
| 650 | 7 | |a PSICOTERAPIA |2 CL-VaPUC |9 538915 | |
| 583 | |a last modification |c 20130404 01:57:00 |k Rodrigo Vera | ||
| 999 | |c 335045 |d 335043 | ||
| 952 | |0 0 |1 0 |4 0 |6 616_890000000000000_MON_2000 |7 0 |8 A |9 424585 |a BIBCUR |b BIBCUR |d 2019-11-22 |i 1088483 |o 616.89 MON 2000 |p 1088483 |r 2025-04-22 |w 2019-11-22 |y BK |k KIN | ||
| 952 | |0 0 |1 0 |4 0 |6 616_890000000000000_MON_2000 |7 0 |8 A |9 424586 |a BIBEDU |b BIBEDU |d 2019-11-22 |i 4961609 |o 616.89 MON 2000 |p 4961609 |r 2019-11-22 |w 2019-11-22 |y BK |k PSI | ||